Lady Gaga Songs - Sudden Death - Statistics

General Stats
  • This quiz has been taken 1,263 times
  • The average score is 16 of 20
Answers on the Grid
Answers color-coded by a green-red scale on the quiz's grid according to % correct below.
Someone Like You
Born This Way
Alejandro
Rain On Me
Always Remember Us This Way
Dynamite
LoveGame
Bad Romance
Disease
Wrecking Ball
Don't Let Me Down
Hold My Hand
Die with a Smile
Halo
Just Give Me A Reason
Poker Face
Shallow
Give Me Everything
The Edge of Glory
Sour Candy
Paparazzi
Tik Tok
Perfect Illusion
Judas
Bloody Mary
Everlong
Just Dance
Can't Stop the Feeling!
Applause
Million Reasons
 
Answer Stats
Answer % Correct
Bad Romance
94%
Born This Way
94%
Alejandro
93%
Poker Face
91%
Paparazzi
87%
Die with a Smile
83%
Applause
82%
Shallow
82%
Judas
81%
Just Dance
81%
Bloody Mary
80%
Rain On Me
80%
LoveGame
78%
The Edge of Glory
75%
Disease
74%
Always Remember Us This Way
69%
Million Reasons
63%
Perfect Illusion
61%
Hold My Hand
55%
Sour Candy
54%
No matching quizzes found
Score Distribution
Percent of People with Each Score
Percentile by Number Answered
Your Score History
You have not taken this quiz